000 00396nam a2200169Ia 4500
005 20240823010556.0
008 240823s9999||||xx |||||||||||||| ||und||
082 _A338.7 N9
100 _aMankar V G
245 0 _aBusiness Economics
250 _a1st
260 _c1999
_b"Macmillan,New Delhi"
500 _aYES
650 _aManagement
_bManagement Studies
942 _cBK
999 _c159023
_d159023